000
00294nam a22001337a 4500
008
170608b xxu||||| |||| 00| 0 eng d
020
_a
0669035912
041
_a
eng
080
_2
3 ED
_a
32
100
_a
18
101
_a
SHP
245
_a
A PREFACE TO POLITICS
_c
SCHUMAN
942
_2
udc
_c
BK
999
_c
16519
_d
16519